|
|
|
|
| LEADER |
00000cam a2200000 a 4500 |
| 001 |
vtls001100746 |
| 003 |
SK-MaSNL |
| 005 |
20260301183033.0 |
| 008 |
250313s1981 xo 000 0 slo |
| 015 |
|
|
|a SNBA1981
|
| 035 |
|
|
|a SNK000043588
|
| 035 |
|
|
|a urn:nbn:sk:snk-amkzj7
|
| 035 |
|
|
|a urn:nbn:sk:snk-am008ozd
|
| 035 |
|
|
|a C00BE016-1B2C-43C6-923F-A11FE928D990
|
| 040 |
|
|
|a SNK
|b slo
|c SNK
|e AACR2
|
| 041 |
0 |
|
|a slo
|
| 044 |
|
|
|a xo
|c SK
|
| 080 |
|
|
|a 005+681.51:528(075.8)
|2 1981
|
| 080 |
|
|
|a 681.51
|2 1981
|
| 080 |
|
|
|a 528(075.8)
|2 1981
|
| 080 |
|
|
|a 005
|2 1981
|
| 080 |
|
|
|a 528
|2 1981
|
| 080 |
|
|
|a 005(075.8)
|2 1981
|
| 100 |
1 |
|
|a Mitášová, Irena,
|d 1935-
|4 aut
|
| 245 |
1 |
0 |
|a Teória systémov a automatizácia
|b vybrané časti a aplikácie v geodézii a kartografii
|c Irena Mitášová
|
| 250 |
|
|
|a 1. vyd.
|
| 260 |
|
|
|a Bratislava
|b Slovenská vysoká škola technická
|c 1981
|
| 300 |
|
|
|a 121 s.
|b sch., tab.
|c 29 cm
|
| 366 |
|
|
|e 300 výt.
|
| 500 |
|
|
|a Schválilo MŠ SSR ako skriptum
|
| 504 |
|
|
|a Bibliogr. Zozn. symbolov
|
| 650 |
0 |
7 |
|a teória systémov
|2 SNKPH
|9 1594
|
| 650 |
0 |
7 |
|a automatizácia
|2 SNKPH
|9 1428
|
| 655 |
|
7 |
|a učebnice vysokých škôl
|2 SNKPH
|9 70191
|
| 852 |
|
|
|a Slovenská národná knižnica
|
| 958 |
|
|
|a OND
|
| 958 |
|
|
|a NB
|
| 999 |
|
|
|c 855650
|d 857580
|
| 952 |
|
|
|a SNK
|b SNK
|y PREZ
|7 0
|p 17A1000924
|o snkSB 31543
|i snkKSP 2385/81
|0 0
|1 0
|4 0
|d 2014-10-20
|f 1
|l 0
|r 2025-04-07 00:00:00
|w 2026-02-24
|
| 952 |
|
|
|a SNK
|b SNK
|y VYP
|7 0
|o snkSB 31543 D1
|i snkKSP 2386/81
|0 0
|1 0
|4 0
|d 2014-10-20
|l 0
|r 2026-02-24 04:55:30
|w 2026-02-24
|